000 00653nmc a2200253 a 4500
003 AR-BaBNM
005 20251128211828.0
008 026120s2004 ||||||||||||||000 | spa||
020 _a987-1105-50-9
040 _cAR-BaBNM
100 1 _aRomero, Luis Alberto
245 1 0 _aLa crisis argentina
_buna mirada al siglo XX
250 _a1ª ed.
260 _aBuenos Aires
_bSiglo XXI Editores
_c2004
300 0 _a126 p.
490 0 _aMínima
504 _aContiene referencias bibliográficas
650 4 _aHISTORIA ARGENTINA
650 4 _aCRISIS ECONOMICA
650 4 _aSIGLO VEINTE
651 4 _aArgentina
942 _cBK
998 _cNancy
999 _c21286
_d21286